| 000 | 00561nam a2200181 i 4500 | ||
|---|---|---|---|
| 001 | 85913 | ||
| 003 | ES-MaACL | ||
| 005 | 20240301063053.0 | ||
| 007 | t| | ||
| 008 | 041202s1970 sp ||||1| baq d | ||
| 100 | 0 |
_aKafka, Franz, _d1883-1924 _967400 |
|
| 245 | 1 | 0 |
_aItxura-aldaketa _b: die verwèandlung / _cFranz Kafka ; Xabier Kintának orijinaletik euskeratua. |
| 260 |
_aDonostia : _bSur, _c1970. |
||
| 300 |
_a123 p. ; _c18 cm. |
||
| 700 | 1 |
_aKintának, Xabier. _968084 |
|
| 852 |
_aES-MaACL _jC-46599 _bR.75708 |
||
| 999 |
_c85913 _d85913 |
||